Statistics for Letters with the less countries starting with it

Click here to take the quiz!

General Stats

  • This quiz has been taken 17 times
  • The average score is 15 of 16

Answer Stats

Number of
countries
Answer% Correct
1y
100%
2z
100%
4d
94%
3h
94%
3j
94%
6k
94%
1o
94%
3r
94%
7u
94%
4v
94%
0w
94%
0x
94%
7e
88%
3f
88%
7i
88%
1q
88%

Score Distribution

Percentile by Number Answered

Percent of People with Each Score

Your Score History

You have not taken this quiz